000 01056cam a22003734a 4500
001 6300948
003 ARRUPE
005 20160919115134.0
008 061118s2007 enk 000 1 eng
015 _aGBA702918
_2bnb
016 7 _a013640041
_2Uk
020 _a9781842778722 (hbk.)
020 _a1842778722 (hbk.)
020 _a1842778730 (pbk.)
020 _a9781842778739 (pbk.)
035 _a(OCoLC)277066959
035 _a(OCoLC)ocn277066959
035 _a(NNC)6300948
040 _aUKM
_cUKM
_dBAKER
_dBTCTA
_dYDXCP
041 1 _aeng
_hara
050 _aPR9375.9S3W6 2007
082 0 4 _a892.736
_222
100 1 _aSaʻdāwī, Nawāl.
_912270
245 1 0 _aWoman at point zero /
_cNawal el Saadawi.
260 _aLondon :
_bZed,
_c2007.
263 _a200705
300 _axii, 114 p. ;
_c20 cm.
546 _aTranslated from the Arabic.
650 0 _aProstitutes
_zEgypt
_vFiction.
_912271
651 0 _aEgypt
_xSocial conditions
_vFiction.
_912272
942 _2lcc
_cMONOGRAPH
948 2 _a20071227
_ba
_csl13
_dMPS
999 _c121143
_d121143